Milan Bakeš a kol.: Československé finančné právo

Bibliographic Details
Main Authors: Babčák, Vladimír, 1951- (Author), Bakeš, Milan (Author)
Format: Article
Language:Slovak
Subjects:

MARC

LEADER 00000nab a2200000 a 4500
001 vtls000063685
003 SK-MaSNL
005 20260303200921.0
008 160201c1980 xo 0 slo
015 |a SNBRB19rr/mm-uuuuu 
035 |a CL0073785 
040 |a SNKBUCL  |b slo  |c SNKBUCL  |e AACR2 
041 0 |a slo 
044 |a xo  |c SK 
080 |a 347.7  |2 1981 
080 |a 336  |2 1981 
100 1 |a Babčák, Vladimír,  |d 1951-  |4 aut  |9 220964 
245 1 0 |a Milan Bakeš a kol.: Československé finančné právo  |c Vladimír Babčák ; Milan Bakeš 
650 0 7 |a finančné právo  |2 snkbucl  |9 2223 
655 7 |a články z novín a časopisov  |2 snkbucl  |9 267496 
700 1 |a Bakeš, Milan  |4 aut  |9 293246 
773 0 |t Právny obzor  |g Roč. 63, č. 4 (1980), s. 366-368 
787 0 8 |i Rec.:  |a Bakeš, Milan  |t Československé finanční právo  |d Praha : Panorama, 1979 
850 |a Slovenská národná knižnica v Martine  |a MTA001 
852 |a SNK  |b KIS3GCP 
958 |a RK 
958 |a CZ 
992 |a RBX 
999 |c 2170584  |d 2172514